| 000 | 01505nam a2200229Ia 4500 | ||
|---|---|---|---|
| 999 |
_c51639 _d51639 |
||
| 001 | 18630 | ||
| 003 | GE_BSU | ||
| 005 | 20220920120904.0 | ||
| 008 | 181216s2012||||ge |||||||||||||| ||geo|| | ||
| 040 | _cGE_BSU | ||
| 041 | _ageo | ||
| 080 | _a33 ბ-52 | ||
| 100 |
_aბერიძე, ლია _911698 |
||
| 245 |
_aბიზნესურთიერთობების სრულყოფის სოციალური პასუხისმგებლობის ამაღლების პრობლემები და მათი გადაწყვეტის გზები საქართველოში : დისერტაცია / _cლია ბერიძე; სამეცნიერო ხელმძღვანელი რეზო მანველიძე; ბსუ. |
||
| 264 |
_aბათუმი, _c2012. |
||
| 300 |
_a190 გვ.; _b30 სმ. |
||
| 653 | _aბიზნესურთიერთობების სრულყოფის სოციალური პასუხისმგებლობის ამაღლების პრობლემები და მათი გადაწყვეტის გზები საქართველოში | ||
| 653 | _aდისერტაცია | ||
| 653 | _aეკონომიკა | ||
| 700 |
_aმანველიძე, რეზო _eსამეცნიერო ხელმძღვანელი _91497 |
||
| 942 |
_cBK _2udc |
||